| 000 | 00606 a2200169 4500 | ||
|---|---|---|---|
| 020 | _a0444519548 | ||
| 020 | _a9780444519542 | ||
| 082 | _a543.26 | ||
| 090 |
_c936 _d936 |
||
| 100 | 1 | _aSestak, Jaroslav. | |
| 245 | 1 | 0 |
_aScience of heat and thermophysical studies : _ba generalized approach to thermal analysis / _cJaroslav Sestak. |
| 260 |
_a[S.l.] : _bElsevier Science, _c2006. |
||
| 300 |
_a486 p. ; _c25 cm. |
||
| 700 | _aSestak, Jaroslav. | ||
| 942 |
_aSNS _cBK _k543.26 SES |
||
| 999 |
_c29556 _d29556 |
||